00752nam a2200241 a 450000100060000000300080000600500170001400800390003103500190007003500140008904000290010304100080013208200150014010000310015524500230018626000470020930000210025650000190027765000430029694200120033999900170035195201420036820910BD-RjUL20211209000628.0140302s1953 enk 001 0aeng a(BD-RjUL)20972 a(BD-RjUL) aOCLCbengcOCLCdBD-RjUL aeng04a920.7bRIL1 aRichardson, Mary R.96457710aLaugh a defiance / aLondon :bG. Weidenfeld & Nicolson,c1953. a194 p. ;c22 cm. aAutobiography. 0aWomenxSuffragezGreat Britain.964578 2ddccBK c20910d20910 00102ddc40728NFICaRUCLbRUCLcReadingd1956-09-10eGolom hossaing10.30l0o920.7 RIL 1953r2014-03-02 00:00:00tC-1w2014-03-02yBK